ბათუმის შოთა რუსთაველის სახელმწიფო უნივერსიტეტის ბიბლიოთეკა

კანისა და ვენერული დაავადებები / (ბიბ.ჩანაწერი № 39825)

000 -ლიდერი
ფიქსირებული სიგრძის საკონტროლო ველი 01283nam a2200253Ia 4500
001 - საკონტროლო ნომერი
საკონტროლო ველი 6430
003 - საკონტროლო ნომრის იდენტიფიკატორი
საკონტროლო ველი GE_BSU
005 - ბოლო ოპერაციის თარიღი და დრო
საკონტროლო ველი 20191118115722.0
008 - ფიქსირებული სიგრძის მონაცემთა ელემენტები - ზოგადი ინფორმაცია
ფიქსირებული სიგრძის საკონტროლო ველი 181216s1994||||ge |||||||||||||| ||geo||
040 ## - კატალოგიზაციის წყარო
Transcribing agency GE_BSU
041 ## - ენის კოდი
Language code of text/sound track or separate title geo
080 ## - უნივერსალური ათობითი კლასიფიკაციის ინდექსი
Universal Decimal Classification number 616.5(075.8)+616.97(075.8) ს-34
100 ## - მთავარი ჩანაწერი - პიროვნების სახელი
Personal name საყვარელიძე, დ.
9 (RLIN) 550
245 ## - ცნობა სათაურის შესახებ
Title კანისა და ვენერული დაავადებები /
Statement of responsibility, etc რედ. ე. ივანაშვილი.
264 ## - წარმოების, გამოცემის, დისტრიბუციის და სხვა ცნობები
გამოცემის, წარმოების, დისტრიბუციის... ადგილი თბილისი :
გამოცემის, წარმოების, დისტრიბუციის... სახელწოდება მედიცინა,
გამოცემის, წარმოების, დისტრიბუციის... თარიღი 1994.
300 ## - ფიზიკური აღწერა
Extent 406 გვ.;
Other physical details 20 სმ.
520 ## - SUMMARY, ETC.
Summary, etc წიგნში მოცემულია სათანადო ცნობები კანისა და ვენერულ დაავადებათა ეტიოლოგიის, პათოგენეზის, კლინიკისა და მკურნალობის შესახებ
653 ## - INDEX TERM--UNCONTROLLED
Uncontrolled term კანის დაავადებები
653 ## - INDEX TERM--UNCONTROLLED
Uncontrolled term სახელმძღვანელო
653 ## - INDEX TERM--UNCONTROLLED
Uncontrolled term ვენერული დაავადებები
700 ## - ADDED ENTRY--PERSONAL NAME
Personal name ივანაშვილი, ე.
Relator term რედაქტორი
9 (RLIN) 5394
942 ## - ADDED ENTRY ELEMENTS (KOHA)
Koha item type წიგნი
Source of classification or shelving scheme
ეგზემპლარები
ჩამოწერის სტატუსი დაკარგული ეგზემპლარის სტატუსი კლასიფიკაციის წყარო ან თაროზე გაწყობის სქემა დაზიანების სტატუსი არ გაიცემა მუდმივი მდებარეობა (დაცვის ადგილი) ამჟამინდელი ადგილსამყოფელი თაროზე განთავსების ადგილი შეძენის თარიღი ღირებულება, შესყიდვის ნორმალური ფასი სრული შენახვის შიფრი შტრიხკოდი ბოლო ოპერაციის თარიღი ეგზემპლარის მიმდევრობითი ნომერი (კეტერი?) ფასის ძალაში შესვლის თარიღი ეგზემპლარის სახეობა საჯარო შენიშვნა
          ბათუმის შოთა რუსთაველის სახელმწიფო უნივერსიტეტის მთავარი ბიბლიოთეკა ბათუმის შოთა რუსთაველის სახელმწიფო უნივერსიტეტის მთავარი ბიბლიოთეკა წიგნსაცავი 2018-12-17 12.00 616.5(075.8)+616.97(075.8) ს-34 6792 2018-12-17 6792 2018-12-17 წიგნი 12 ლ.
          ბათუმის შოთა რუსთაველის სახელმწიფო უნივერსიტეტის მთავარი ბიბლიოთეკა ბათუმის შოთა რუსთაველის სახელმწიფო უნივერსიტეტის მთავარი ბიბლიოთეკა წიგნსაცავი 2025-03-07 12.00 616.5(075.8)+616.97(075.8) ს-34 70796 2025-03-07 70796 2025-03-07 წიგნი 12.00
          ბათუმის შოთა რუსთაველის სახელმწიფო უნივერსიტეტის მთავარი ბიბლიოთეკა ბათუმის შოთა რუსთაველის სახელმწიფო უნივერსიტეტის მთავარი ბიბლიოთეკა წიგნსაცავი 2025-03-07 12.00 616.5(075.8)+616.97(075.8) ს-34 70797 2025-03-07 70797 2025-03-07 წიგნი 12.00
          ბათუმის შოთა რუსთაველის სახელმწიფო უნივერსიტეტის მთავარი ბიბლიოთეკა ბათუმის შოთა რუსთაველის სახელმწიფო უნივერსიტეტის მთავარი ბიბლიოთეკა წიგნსაცავი 2025-03-11 12.00 616.5(075.8)+616.97(075.8) ს-34 70826 2025-03-11 70826 2025-03-11 წიგნი 12.00
          ბათუმის შოთა რუსთაველის სახელმწიფო უნივერსიტეტის მთავარი ბიბლიოთეკა ბათუმის შოთა რუსთაველის სახელმწიფო უნივერსიტეტის მთავარი ბიბლიოთეკა წიგნსაცავი 2025-03-13 12.00 616.5(075.8)+616.97(075.8) ს-34 70843 2025-03-13 70843 2025-03-13 წიგნი 12.00
          ბათუმის შოთა რუსთაველის სახელმწიფო უნივერსიტეტის მთავარი ბიბლიოთეკა ბათუმის შოთა რუსთაველის სახელმწიფო უნივერსიტეტის მთავარი ბიბლიოთეკა წიგნსაცავი 2025-03-13 12.00 616.5(075.8)+616.97(075.8) ს-34 70844 2025-03-13 70844 2025-03-13 წიგნი 12.00
          ბათუმის შოთა რუსთაველის სახელმწიფო უნივერსიტეტის მთავარი ბიბლიოთეკა ბათუმის შოთა რუსთაველის სახელმწიფო უნივერსიტეტის მთავარი ბიბლიოთეკა წიგნსაცავი 2025-03-17 12.00 616.5(075.8)+616.97(075.8) ს-34 70864 2025-03-17 70864 2025-03-17 წიგნი 12.00
          ბათუმის შოთა რუსთაველის სახელმწიფო უნივერსიტეტის მთავარი ბიბლიოთეკა ბათუმის შოთა რუსთაველის სახელმწიფო უნივერსიტეტის მთავარი ბიბლიოთეკა წიგნსაცავი 2025-04-03 12.00 616.5(075.8)+616.97(075.8) ს-34 70975 2025-04-03 70975 2025-04-03 წიგნი 12.00